| 000 | 00801nam2a22002291 4500 | ||
|---|---|---|---|
| 001 | v19\rc\2085687 | ||
| 005 | 20250620034249.0 | ||
| 035 | _a(NLR Aleph) 005155867 | ||
| 090 |
_a4944017 _c4944017 |
||
| 100 | _a20081218d1912 |||y0rusy50 ca | ||
| 101 | 1 |
_arus _cund |
|
| 102 | _aRU | ||
| 105 | _ay z ||||| | ||
| 200 | 1 | _aБолезни крови и обмена веществ | |
| 210 |
_d1912 _aБ. м. |
||
| 461 | 0 |
_1001v19\rc\2085686 _12001#$aТерапевтическая библиотека$e№ 1$v№ 1 _94944010 _cМосква _d1912 _nВ.М. Саблин _o№ 1 _tТерапевтическая библиотека _v№ 1 |
|
| 700 | 1 |
_aМоссе _bМ. _f1873- _gМакс |
|
| 801 | 0 |
_aRU _bNLR _gpsbo |
|
| 801 | 1 |
_aRU _bProSoft-M _2rusmarc |
|
| 852 |
_aNLR _j37.36.10.4 |
||
| 942 | _cBOOK | ||
| 980 | _aNB | ||